000 00578nam a2200181 i 4500
001 65099
003 ES-MaACL
005 20230906165311.0
007 t|
008 040108s1961 sp f |||| | spa d
100 1 _aFragua Pando, Felipe.
_952088
245 1 0 _aPlaza de toros de Santander
_bcincuenta años de toreo, 1890-1939 /
_cFelipe Fragua Pando.
250 _a1ª ed.
260 _aSantander :
_b[s.n.,
_c1961] (
_fGráf. Hermanos Bedia)
300 _a385 p., [23] h. de lám. ;
_c25 cm.
650 4 _aCorridas de toros-
_zSantander.
_9163255
852 _aES-MaACL
_jC-19887
999 _c65099
_d65099